000 02176cam a2200469 4500
002 7537
008 031117n2004 000 0 eng u
020 _a0333980875
035 _a(Sirsi) u124352
041 _aeng
050 _a692.8
_c18
100 _aAdriaanse, John
245 _aConstruction contract law
_bthe essentials
260 _aBasingstoke
_bPalgrave Macmillan
_c2004
300 _axxviii, 362p.
_c24cm.
350 _a26.99
505 _aNature of construction contracts
505 _aOutline of the law of obligations
505 _aThe formation of construction contracts
505 _aConsideration
505 _aThe role of the architect and the engineer
505 _aThe main obligations of the contractor
505 _aThe main obligations of the employer
505 _aTime and provision for delay
505 _aVariations and the right to payment
505 _aPayment and certification
505 _aSub-contracting
505 _aSupply contracts
505 _aDesign liability of professionals and contractors
505 _aLiabilities post completion
505 _aDetermination and damages
505 _aMethods of dispute resolution
520 _aAimed primarily at students on construction management or building and surveying courses, this book covers the key areas of construction contract law, including its practical application. Key topics include: the interaction within construction contracts of the law of contract, tort and restitution; the relationship between common law and standard forms of contract; and the introduction of the Housing Grants, Construction and Regeneration Act 1996 Part II. Tables of cases, statutes and regulations. Bibliography.
520 _aSuperseded by second edition (ISBN 9780230521650).
650 _aBUILT ENVIRONMENT-BUILDING CONTRACT FORMS
650 _aBUILT ENVIRONMENT-BUILDING CONTRACT FORMS
650 _aCONTRACT LAW
650 _aBUILT ENVIRONMENT-BUILDING CONTRACT FORMS-STANDARD FORMS OF BUILDING CONTRACT-JOINT CONTRACTS TRIBNUAL CONTRACTS
650 _aBUILDING CONTRACTORS
690 _aBUILT ENVIRONMENT-BUILDING CONTRACT FORMS
942 _n0
999 _c103216
_d103216